000 00401nam a2200157Ia 4500
999 _c14276
_d14276
003 OSt
005 20260331160452.0
008 260210s9999 xx 000 0 und d
020 _a9788409688371
100 _aDayanitya Singh
245 0 _aPortrait of a House: Conversations with BV Doshi
260 _bApartmento 2025
260 _c2025
300 _a85.83 x 0.71 x 62.99 inches
942 _cUG
_2ddc